Early childhood care and education / (Record no. 164497)

MARC details
000 -LEADER
fixed length control field 00717nam a22002177a 4500
005 - DATE AND TIME OF LATEST TRANSACTION
control field 20190522102719.0
010 ## - LCCN (DPL NO)
LC control number ENG-125253
020 ## - INTERNATIONAL STANDARD BOOK NUMBER
International Standard Book Number 9789386725653
Terms of availability 700.00
035 ## - SYSTEM CONTROL NUMBER
System control number EN-108785
037 ## - SOURCE OF ACQUISITION
Source of stock number/acquisition DBAD/PUB
082 ## - DEWEY DECIMAL CLASSIFICATION NUMBER
Classification number 3723.21
100 ## - MAIN ENTRY--PERSONAL NAME
Personal name Venkatachary P.
245 ## - TITLE STATEMENT
Title Early childhood care and education /
Statement of responsibility, etc by P.Venkatachary , K. Srinivas Reddy [and] K. Sridevi
260 ## - PUBLICATION, DISTRIBUTION, ETC. (IMPRINT)
Place of publication, distribution, etc New Delhi
Name of publisher, distributor, etc Neelkamal Publications
Date of publication, distribution, etc 2018
270 ## - ADDRESS
Address 4764/1, 23, Ansari Road
City Daryaganj, New Delhi
Postal code 110002
Telephone number 011-23244237
Electronic mail address neelkamalbooks@gmail.com
300 ## - PHYSICAL DESCRIPTION
Extent x,190p.
Dimensions 25cm(Hb)
500 ## - GENERAL NOTE
General note Includes index
700 ## - ADDED ENTRY--PERSONAL NAME
Personal name Srinivas Reddy K.
700 ## - ADDED ENTRY--PERSONAL NAME
Personal name Sridevi K.
942 ## - ADDED ENTRY ELEMENTS (KOHA)
Source of classification or shelving scheme Dewey Decimal Classification
Item type English Books
Classification part 372.21
Call number suffix VEN
Holdings
Withdrawn status Lost status Not for loan Collection code Home library Current library Date acquired Source of acquisition Cost, normal purchase price Full call number Barcode Copy number Cost, replacement price Koha item type
      Non-fiction Central Library Central Library 22/05/2019 DBAD/PUB 700.00 372.21 VEN EN-108785 1 700.00 English Books

© Delhi Public Library
Hit Counter
free hit counter